[Event "SWE-chT 1819 Superettan"]
[Site "Sweden"]
[Date "2019.03.30"]
[Round "8"]
[White "Andersson, Fredrik1"]
[Black "Kashebayev, Azamat"]
[Result "1-0"]
[WhiteElo "2287"]
[BlackElo "2149"]
[PlyCount "115"]
[EventDate "2018.11.09"]
[EventType "team-tourn"]
[EventRounds "9"]
[EventCountry "SWE"]
[SourceTitle "EXT 2020"]
[Source "ChessBase"]
[SourceDate "2019.10.17"]
[SourceVersion "1"]
[SourceVersionDate "2019.10.17"]
[SourceQuality "1"]
[WhiteTeam "Kungstornet"]
[BlackTeam "Upsala"]
[WhiteTeamCountry "SWE"]
[BlackTeamCountry "SWE"]

1. e4 e6 2. d4 d5 3. Nc3 Nf6 4. e5 Nfd7 5. f4 c5 6. Nf3 Nc6 7. Be3 Qb6 8. a3 c4 9. Ra2 Ne7 10. Be2 h5 11. 0-0 Nb8 12. b3 cxb3 13. cxb3 Bd7 14. b4 Nf5 15. Bf2 Be7 16. Qd2 g6 17. Rb1 Nc6 18. Na4 Qd8 19. Nc5 b6 20. Nxd7 Qxd7 21. Rc2 Nb8 22. Rbc1 0-0 23. Qd3 Bd8 24. Rc3 a6 25. Qc2 b5 26. h3 Bb6 27. g4 hxg4 28. hxg4 Ne7 29. Bh4 Nbc6 30. Rxc6 Nxc6 31. Qxc6 Qxc6 32. Rxc6 Rab8 33. Be7 Rfc8 34. Rxc8+ Rxc8 35. Bc5 Bxc5 36. dxc5 Kf8 37. Nd4 Ke7 38. Kg2 Rh8 39. Bf3 Rc8 40. Kg3 Rh8 41. Bg2 Rg8 42. Bf1 Rh8 43. Bg2 Rg8 44. Bh3 Rh8 45. f5 gxf5 46. gxf5 exf5 47. Nxf5+ Ke6 48. Nd6+ Ke7 49. c6 Rg8+ 50. Kf4 Kd8 51. Nxf7+ Kc7 52. Bd7 Rg1 53. Ke3 Re1+ 54. Kd2 Re4 55. e6 Rd4+ 56. Ke3 Re4+ 57. Kd3 Re1 58. Nh6 1-0

[Event "Central Asia Cup 4th"]
[Site "Almaty"]
[Date "2015.11.21"]
[Round "1"]
[White "Ismagambetov, Anuar"]
[Black "Kashebayev, Azamat"]
[Result "1-0"]
[WhiteElo "2548"]
[BlackElo "2201"]
[PlyCount "71"]
[EventDate "2015.11.21"]
[EventType "swiss"]
[EventRounds "9"]
[EventCountry "KAZ"]
[SourceTitle "CBM 169 Extra"]
[Source "ChessBase"]
[SourceDate "2015.12.18"]
[SourceVersion "1"]
[SourceVersionDate "2015.12.18"]
[SourceQuality "1"]

1. e4 e6 2. d4 d5 3. Nc3 Nf6 4. Bg5 Bb4 5. exd5 exd5 6. Bd3 0-0 7. Nge2 c6 8. 0-0 Bg4 9. f3 Bh5 10. Nf4 Bg6 11. Nxg6 fxg6 12. Ne2 Nbd7 13. c4 Nb6 14. c5 Nc8 15. Qb3 Ba5 16. Qxb7 Ne7 17. Bf4 Rf7 18. b4 Nf5 19. Qxc6 Bxb4 20. Bxf5 gxf5 21. Rab1 a5 22. Ng3 Rc8 23. Qa4 Nd7 24. a3 g5 25. axb4 gxf4 26. Ne2 Qe7 27. Rf2 axb4 28. Rxb4 Nb8 29. Rb6 Nd7 30. Rb1 Qe3 31. Qa2 Nf6 32. Rb3 Ra7 33. Rxe3 Rxa2 34. Nxf4 Ra4 35. Rd2 Rb8 36. Re5 1-0

[Event "Las Vegas Millionaire op"]
[Site "Las Vegas"]
[Date "2014.10.13"]
[Round "8"]
[White "Kashebayev, Azamat"]
[Black "Chandra, Akshat"]
[Result "0-1"]
[WhiteElo "2128"]
[BlackElo "2488"]
[PlyCount "71"]
[EventDate "2014.10.09"]
[EventType "swiss"]
[EventRounds "9"]
[EventCountry "USA"]
[SourceTitle "CBM 162 Extra"]
[Source "ChessBase"]
[SourceDate "2014.10.17"]
[SourceVersion "1"]
[SourceVersionDate "2014.10.17"]
[SourceQuality "1"]

1. d4 Nf6 2. c4 e6 3. Nc3 Bb4 4. a3 Bxc3+ 5. bxc3 c5 6. e3 Nc6 7. Ne2 0-0 8. Ng3 b6 9. d5 Na5 10. e4 Ba6 11. Bg5 h6 12. h4 hxg5 13. hxg5 g6 14. e5 Nh7 15. Ne4 Kg7 16. Qf3 Rh8 17. Qf4 exd5 18. cxd5 Bxf1 19. Kxf1 Qe7 20. Re1 Nc4 21. Nf6 Nxg5 22. Rxh8 Rxh8 23. Qxg5 Nxe5 24. Rxe5 Qxf6 25. Qe3 Rh1+ 26. Ke2 Ra1 27. g4 Ra2+ 28. Kf1 Rxf2+ 29. Qxf2 Qxe5 30. Qd2 Qe4 31. Qg5 f6 32. Qh4 Qxd5 33. Qg3 Qe5 34. Qf3 d5 35. a4 Qe4 36. Qg3 0-1

[Event "Karaganda"]
[Site "Karaganda"]
[Date "2009.12.04"]
[Round "12"]
[White "Kashebayev, Azamat"]
[Black "Kulyishov, Sain"]
[Result "1-0"]
[WhiteElo "2150"]
[BlackElo "1949"]
[PlyCount "63"]
[EventDate "2009.11.24"]
[EventType "tourn"]
[EventRounds "14"]
[EventCountry "KAZ"]
[SourceTitle "CBM 133 Extra"]
[Source "ChessBase"]
[SourceDate "2010.01.05"]
[SourceVersion "1"]
[SourceVersionDate "2010.01.05"]
[SourceQuality "1"]

1. d4 Nf6 2. c4 g6 3. Nc3 Bg7 4. e4 d6 5. Nf3 0-0 6. Be2 e5 7. 0-0 Nbd7 8. d5 a5 9. Qc2 c6 10. dxc6 bxc6 11. Rd1 Qc7 12. h3 Nc5 13. Be3 Ne6 14. Qd2 Rd8 15. Ng5 Rb8 16. Nxe6 Bxe6 17. Rac1 Qe7 18. Bg5 h6 19. Be3 Kh7 20. b3 d5 21. cxd5 cxd5 22. exd5 Nxd5 23. Nxd5 Rxd5 24. Qe1 Rbd8 25. Rxd5 Bxd5 26. Qxa5 Be4 27. Rc7 Qe6 28. Rxf7 Qxf7 29. Qxd8 Qb7 30. Bc4 g5 31. Qg8+ Kg6 32. Qe8+ 1-0

[Event "Karaganda"]
[Site "Karaganda"]
[Date "2009.12.03"]
[Round "11"]
[White "Arestanov, Timur"]
[Black "Kashebayev, Azamat"]
[Result "1/2-1/2"]
[WhiteElo "2243"]
[BlackElo "2150"]
[PlyCount "120"]
[EventDate "2009.11.24"]
[EventType "tourn"]
[EventRounds "14"]
[EventCountry "KAZ"]
[SourceTitle "CBM 133 Extra"]
[Source "ChessBase"]
[SourceDate "2010.01.05"]
[SourceVersion "1"]
[SourceVersionDate "2010.01.05"]
[SourceQuality "1"]

1. d4 Nf6 2. c4 g6 3. Nc3 Bg7 4. e4 d6 5. Nf3 0-0 6. Be2 e5 7. 0-0 Nc6 8. d5 Ne7 9. Ne1 Nd7 10. Be3 f5 11. f3 f4 12. Bf2 g5 13. a4 Ng6 14. a5 h5 15. Nb5 Nf6 16. Nxa7 g4 17. Nxc8 g3 18. hxg3 fxg3 19. Bxg3 h4 20. Bh2 Bh6 21. f4 Qxc8 22. Nd3 Nxe4 23. Bg4 Qd8 24. Be6+ Kg7 25. f5 Be3+ 26. Kh1 Ng3+ 27. Bxg3 hxg3 28. fxg6 Qh4+ 29. Bh3 e4 30. Qe2 Bd4 31. Nb4 Rf2 32. Rxf2 gxf2 33. Nc2 Be5 34. Ne3 Rf8 35. Qg4 Qxg4 36. Bxg4 Rh8+ 37. Bh3 Bf4 38. Nc2 Bd2 39. Kh2 Be1 40. Rxe1 fxe1Q 41. Nxe1 Kxg6 42. Kg3 Ra8 43. b4 Kg5 44. Nc2 b6 45. axb6 cxb6 46. Nd4 Ra3+ 47. Kf2 Kf4 48. g3+ Ke5 49. Nc6+ Kf6 50. c5 Rf3+ 51. Ke2 bxc5 52. bxc5 Rxg3 53. cxd6 Rxh3 54. d7 Rh8 55. Ke3 Kf5 56. Kd4 Rf8 57. d8Q Rxd8 58. Nxd8 e3 59. Kxe3 Ke5 60. Nf7+ Kxd5 1/2-1/2

[Event "Karaganda"]
[Site "Karaganda"]
[Date "2009.12.02"]
[Round "10"]
[White "Kashebayev, Azamat"]
[Black "Zapolsky, Sergey"]
[Result "0-1"]
[WhiteElo "2150"]
[BlackElo "2081"]
[PlyCount "78"]
[EventDate "2009.11.24"]
[EventType "tourn"]
[EventRounds "14"]
[EventCountry "KAZ"]
[SourceTitle "CBM 133 Extra"]
[Source "ChessBase"]
[SourceDate "2010.01.05"]
[SourceVersion "1"]
[SourceVersionDate "2010.01.05"]
[SourceQuality "1"]

1. d4 Nf6 2. c4 g6 3. Nc3 d5 4. cxd5 Nxd5 5. e4 Nxc3 6. bxc3 Bg7 7. Bc4 c5 8. Ne2 0-0 9. 0-0 cxd4 10. cxd4 Nc6 11. Be3 Bg4 12. f3 Na5 13. Bd3 Be6 14. d5 Bxa1 15. Qxa1 f6 16. Bd4 Bf7 17. f4 Rc8 18. Qb2 b6 19. Ng3 Nb7 20. f5 g5 21. Nh1 Nc5 22. Bc2 Qd6 23. Nf2 Rc7 24. Ng4 Bh5 25. Ne3 Nd7 26. Bb3 Rfc8 27. Ba4 Ne5 28. Bb3 Kg7 29. Bxe5 Qxe5 30. Qxe5 fxe5 31. f6+ exf6 32. Nf5+ Kh8 33. Nd6 Rf8 34. Nb5 Rd7 35. Rc1 Bg6 36. Rc4 f5 37. exf5 Bxf5 38. Rc3 a6 39. Na3 Be4 0-1

[Event "Karaganda"]
[Site "Karaganda"]
[Date "2009.11.29"]
[Round "7"]
[White "Kashebayev, Azamat"]
[Black "Kassimov, Baurzhan"]
[Result "1-0"]
[WhiteElo "2150"]
[BlackElo "2248"]
[PlyCount "155"]
[EventDate "2009.11.24"]
[EventType "tourn"]
[EventRounds "14"]
[EventCountry "KAZ"]
[SourceTitle "CBM 133 Extra"]
[Source "ChessBase"]
[SourceDate "2010.01.05"]
[SourceVersion "1"]
[SourceVersionDate "2010.01.05"]
[SourceQuality "1"]

1. d4 Nf6 2. c4 e6 3. Nc3 Bb4 4. e3 0-0 5. Bd3 d5 6. Nf3 Nc6 7. 0-0 Re8 8. a3 Bd6 9. h3 h6 10. Qc2 dxc4 11. Bxc4 e5 12. d5 Ne7 13. e4 Ng6 14. Ne1 Nh5 15. Ne2 Nhf4 16. Nxf4 Nxf4 17. Bxf4 exf4 18. Nf3 Qf6 19. Rfe1 Bd7 20. Qb3 Rab8 21. Qd3 a6 22. Re2 Re7 23. Rae1 Rbe8 24. b4 Be5 25. Rc1 g5 26. Nxe5 Rxe5 27. f3 h5 28. b5 a5 29. Rd2 Qd6 30. a4 g4 31. Qf1 gxh3 32. gxh3 Rg5+ 33. Rg2 Rxg2+ 34. Qxg2+ Kh7 35. Kh2 Rg8 36. Qf2 Qa3 37. Rc2 Qxa4 38. Bd3 Rg3 39. e5+ Kh6 40. e6 fxe6 41. Rxc7 Rg7 42. Rc4 Qd1 43. dxe6 Bxe6 44. Rd4 Rg3 45. Bf5 Rxf3 46. Qg2 Rg3 47. Rxd1 Rxg2+ 48. Kxg2 Bxf5 49. Rd4 Kg5 50. b6 Be6 51. Kh2 Kf5 52. Ra4 Bd5 53. Rxa5 Ke5 54. h4 Kd6 55. Ra4 Ke5 56. Kg1 Bc6 57. Ra5+ Bd5 58. Kf2 Kd6 59. Ra4 Ke5 60. Ke2 Bc6 61. Ra5+ Bd5 62. Kd3 f3 63. Ke3 Kd6 64. Ra8 Be6 65. Kxf3 Kc6 66. Rb8 Bg4+ 67. Ke4 Kxb6 68. Rg8 Bd1 69. Rg1 Bc2+ 70. Kf4 Bd3 71. Re1 Kc5 72. Re5+ Kd4 73. Rxh5 b5 74. Rh8 b4 75. Rd8+ Kc3 76. Ke3 Bc4 77. h5 b3 78. h6 1-0

[Event "Karaganda"]
[Site "Karaganda"]
[Date "2009.11.29"]
[Round "6"]
[White "Torgovitsky, Vadim"]
[Black "Kashebayev, Azamat"]
[Result "0-1"]
[WhiteElo "2177"]
[BlackElo "2150"]
[PlyCount "54"]
[EventDate "2009.11.24"]
[EventType "tourn"]
[EventRounds "14"]
[EventCountry "KAZ"]
[SourceTitle "CBM 133 Extra"]
[Source "ChessBase"]
[SourceDate "2010.01.05"]
[SourceVersion "1"]
[SourceVersionDate "2010.01.05"]
[SourceQuality "1"]

1. Nc3 d5 2. e4 d4 3. Nce2 e5 4. Nf3 Bd6 5. Ng3 Ne7 6. Bc4 h6 7. 0-0 Nd7 8. d3 Nb6 9. Bb3 0-0 10. Nd2 Kh7 11. Nc4 Nxc4 12. Bxc4 f5 13. f4 exf4 14. Bxf4 Bxf4 15. Rxf4 g5 16. Rf1 f4 17. Nh1 Ng6 18. h3 Ne5 19. Nf2 f3 20. g4 Qd6 21. Nh1 Bxg4 22. hxg4 Nxg4 23. Qd2 f2+ 24. Rxf2 Rxf2 25. Nxf2 Qh2+ 26. Kf1 Rf8 27. Ke1 Qg1+ 0-1

[Event "Karaganda"]
[Site "Karaganda"]
[Date "2009.11.26"]
[Round "3"]
[White "Zapolsky, Sergey"]
[Black "Kashebayev, Azamat"]
[Result "1-0"]
[WhiteElo "2081"]
[BlackElo "2150"]
[PlyCount "103"]
[EventDate "2009.11.24"]
[EventType "tourn"]
[EventRounds "14"]
[EventCountry "KAZ"]
[SourceTitle "CBM 133 Extra"]
[Source "ChessBase"]
[SourceDate "2010.01.05"]
[SourceVersion "1"]
[SourceVersionDate "2010.01.05"]
[SourceQuality "1"]

1. d4 d5 2. c4 c6 3. Nf3 Nf6 4. Nc3 Nbd7 5. e3 a6 6. a4 g6 7. Be2 Bg7 8. 0-0 Ne4 9. cxd5 Nxc3 10. bxc3 cxd5 11. c4 dxc4 12. Bxc4 0-0 13. Ba3 Nb6 14. Bd3 Re8 15. Rb1 Bd7 16. Qb3 Nxa4 17. Qxb7 Nc3 18. Rb6 Be6 19. Rxa6 Rb8 20. Qc6 Nd5 21. Qa4 Nc7 22. Ra7 Bd7 23. Qa5 Nb5 24. Qxd8 Rexd8 25. Bxb5 Bxb5 26. Rc1 e6 27. h3 Ra8 28. Rcc7 Rxa7 29. Rxa7 Be8 30. Bc5 Bf6 31. Be7 Bxe7 32. Rxe7 Kf8 33. Ra7 Rd7 34. Rxd7 Bxd7 35. Ne5 Bb5 36. e4 Ke7 37. f4 f6 38. Nf3 Kd6 39. Kf2 Bd3 40. Ke3 Bf1 41. Ne1 f5 42. exf5 exf5 43. h4 Ke6 44. g3 h6 45. Nf3 Bb5 46. Ne5 Be8 47. Kd3 Kd5 48. Ke3 Ke6 49. Nd3 Kf6 50. d5 g5 51. hxg5+ hxg5 52. Kd4 1-0

[Event "Maralsay Group A"]
[Site "Almaty"]
[Date "2009.08.22"]
[Round "7"]
[White "Kashebayev, Azamat"]
[Black "Kim, Timur"]
[Result "1-0"]
[WhiteElo "2150"]
[BlackElo "2006"]
[PlyCount "110"]
[EventDate "2009.08.17"]
[EventType "tourn"]
[EventRounds "11"]
[EventCountry "KAZ"]
[SourceTitle "EXT 2022"]
[Source "ChessBase"]
[SourceDate "2021.10.06"]
[SourceVersion "1"]
[SourceVersionDate "2021.10.06"]
[SourceQuality "1"]

1. d4 Nf6 2. c4 e6 3. Nc3 Bb4 4. e3 0-0 5. Bd3 d5 6. a3 Bxc3+ 7. bxc3 dxc4 8. Bxc4 c5 9. Ne2 Nc6 10. 0-0 Qc7 11. a4 cxd4 12. cxd4 Rd8 13. Ba3 Nxd4 14. Nxd4 Qxc4 15. Rc1 Qd5 16. Be7 Rd7 17. Bxf6 gxf6 18. f4 b6 19. Qg4+ Kf8 20. Qh3 Bb7 21. Rcd1 Rad8 22. f5 Qe4 23. fxe6 Re7 24. exf7 Kxf7 25. Ne6 Rg8 26. Nd8+ Rxd8 27. Rxd8 Qxe3+ 28. Qxe3 Rxe3 29. Rd7+ Re7 30. Rxe7+ Kxe7 31. Kf2 Bc6 32. Ra1 a6 33. g3 Kd6 34. Ke3 Be8 35. Kd4 f5 36. Rb1 Kc7 37. Rb4 Bh5 38. Ke5 Bg4 39. Rc4+ Kd7 40. Rc1 h5 41. Rc3 Bh3 42. Rd3+ Ke7 43. Rd6 b5 44. axb5 axb5 45. Rb6 h4 46. Rxb5 hxg3 47. hxg3 Kf7 48. Rb6 Kg7 49. Kf4 Kf7 50. Kg5 Bf1 51. Kxf5 Bd3+ 52. Kg5 Be4 53. Ra6 Bd5 54. Kh6 Kg8 55. Rd6 Bb3 1-0

[Event "Maralsay Group A"]
[Site "Almaty"]
[Date "2009.08.21"]
[Round "5"]
[White "Kashebayev, Azamat"]
[Black "Zhunussov, Bibek"]
[Result "1-0"]
[WhiteElo "2150"]
[BlackElo "2155"]
[PlyCount "95"]
[EventDate "2009.08.17"]
[EventType "tourn"]
[EventRounds "11"]
[EventCountry "KAZ"]
[SourceTitle "EXT 2022"]
[Source "ChessBase"]
[SourceDate "2021.10.06"]
[SourceVersion "1"]
[SourceVersionDate "2021.10.06"]
[SourceQuality "1"]

1. d4 Nf6 2. c4 g6 3. Nc3 Bg7 4. e4 d6 5. Nf3 0-0 6. Be2 e5 7. 0-0 Nc6 8. d5 Ne7 9. Ne1 Nd7 10. Be3 f5 11. f3 f4 12. Bf2 g5 13. Nb5 Nf6 14. c5 a6 15. Na3 Ng6 16. Nd3 h5 17. Qb3 g4 18. cxd6 cxd6 19. Bb6 Qe7 20. Rfc1 Ne8 21. Ne1 Qh4 22. Bf1 Rf7 23. Nc4 Nf8 24. Ba5 Nd7 25. a4 Bf6 26. Bb4 Be7 27. a5 gxf3 28. Nxf3 Qg4 29. Qa3 Rg7 30. Nfxe5 Nxe5 31. Nxe5 dxe5 32. Bxe7 f3 33. d6 Be6 34. Qd3 Qh3 35. g3 Qg4 36. Rc3 Rf7 37. Kf2 Rg7 38. Re1 h4 39. Bxh4 Rh7 40. h3 Qg6 41. Re3 Rf7 42. Be7 Bd7 43. Rxf3 Rxf3+ 44. Qxf3 Nxd6 45. Bxd6 Qxd6 46. Bc4+ Kg7 47. Qf7+ Kh8 48. Rf3 1-0

[Event "Maralsay Group A"]
[Site "Almaty"]
[Date "2009.08.18"]
[Round "1"]
[White "Sivokhin, Vladimir"]
[Black "Kashebayev, Azamat"]
[Result "0-1"]
[WhiteElo "2047"]
[BlackElo "2150"]
[PlyCount "86"]
[EventDate "2009.08.17"]
[EventType "tourn"]
[EventRounds "11"]
[EventCountry "KAZ"]
[SourceTitle "EXT 2022"]
[Source "ChessBase"]
[SourceDate "2021.10.06"]
[SourceVersion "1"]
[SourceVersionDate "2021.10.06"]
[SourceQuality "1"]

1. d4 Nf6 2. e3 g6 3. Bd3 Bg7 4. f4 0-0 5. Nf3 d6 6. 0-0 Nc6 7. c3 e5 8. fxe5 dxe5 9. Qc2 Qe7 10. Nbd2 Bh6 11. Re1 Bg4 12. Ne4 Bxf3 13. gxf3 Nxe4 14. Bxe4 Nd8 15. Bd5 exd4 16. e4 Bxc1 17. Raxc1 c6 18. Bb3 dxc3 19. Qxc3 Ne6 20. Bxe6 Qxe6 21. Qb3 Qxb3 22. axb3 Rad8 23. Rcd1 f6 24. Kf2 Kf7 25. Ke3 Ke7 26. Rxd8 Rxd8 27. Ra1 a6 28. f4 Rd7 29. Rc1 Kd8 30. h4 Ke7 31. h5 g5 32. fxg5 fxg5 33. Rf1 Rd8 34. e5 Rf8 35. Rg1 Rf5 36. Kd4 Ke6 37. Re1 c5+ 38. Kc4 Rxe5 39. Rf1 g4 40. h6 g3 41. Rg1 Rg5 42. Kd3 g2 43. Ke2 Kf6 0-1